000 00941nam0a2200277 4500
001 RU\NLR\bibl\956935
005 20250614203039.0
010 _a5-469-01367-7
_93000
021 _aRU
_b2006-29438
_91470
035 _a(NLR Aleph) 000944994
090 _a243713
_c243713
100 _a20060606d2006 |||y0rusy50 ca
101 0 _arus
102 _aRU
105 _aa |||||||||
200 1 _aAutoCAD 2006 как дважды два
_fА. Сладкий
210 _aСанкт-Петербург [и др.]
_cПитер
_d2006
215 _a254 с.
_cил.
_d24
606 1 _aAutoCAD 2006, система автоматизированного проектирования
_92404507
_3RU\NLR\auth\661433080
686 _aЖ2-5-05я73-1
700 1 _aСладкий
_bА. Л.
_gАндрей Леонидович
_4070
801 0 _aRU
_bNLR
_c20060606
_grcr
801 1 _aRU
_bNLR
_c20060606
942 _cBOOK
980 _aNB